Komunikačná stratégia a stratégia značky vo vybranom podniku diplomová práca

Gespeichert in:
Bibliographische Detailangaben
1. Verfasser: Valancová, Gabriela
Körperschaft: Obchodná fakulta EU. Katedra marketingu
Weitere Verfasser: Ožvoldová, Katarína, 1984-
Format: Buch
Sprache:Slowakisch
Veröffentlicht: Bratislava 2024
Tags: Tag hinzufügen
Keine Tags, Fügen Sie das erste Tag hinzu!

MARC

LEADER 00000nbm a2200000 4500
001 0302210
005 20241206153522.3
041 0 |a slo 
044 |a SK 
245 1 0 |a Komunikačná stratégia a stratégia značky vo vybranom podniku  |b diplomová práca  |c Gabriela Valancová ; školiteľ: Katarína Ožvoldová 
264 1 |a Bratislava  |c 2024 
300 |a 104 s. 
100 1 |a Valancová, Gabriela 
700 1 |a Ožvoldová, Katarína, 1984- 
710 2 |a Obchodná fakulta EU. Katedra marketingu